| 000 | 004520000a22001690004500 | ||
|---|---|---|---|
| 041 | 0 | _aSPA | |
| 082 | 0 | 4 | _aG 280.1 M1533i |
| 100 | 1 | _aMackay, Juan A. (Alexander) (1889-) | |
| 245 | 1 | 0 | _aLas iglesias latinoamericanas y el movimiento ecuménico / Juan A. Mackay |
| 260 | _aUSA : | ||
| 300 | _a33 Pag | ||
| 001 | 8620 | ||
| 942 | _cBK | ||
| 999 |
_c38754 _d38754 |
||
| 336 |
_atexto _btxt _2rdacontent |
||
| 337 |
_2rdamedia _asin mediación _bn |
||
| 338 |
_2rdacarrier _avolumen _bnc |
||